000 00266nam a2200121Ia 4500
005 20251222155147.0
008 251222s9999||||xx |||||||||||||| ||spa||
082 _aNUT. 20
100 _aALVAREZ Elizab.
245 0 _aNutrición
264 _bNo tiene
942 _cLIB
999 _c39415
_d39415